000 00502nam a2200133 4500
999 _c14220
_d14220
008 190905b ||||| |||| 00| 0 eng d
082 _aDPer 050 T48 Apr-June 2016 v. 187 n. 12-24
100 _939380
_aBeech, Hannah.
245 _aInside the international contest over the most important waterway in the world:
_b
_cHannah Beech.
260 _aHong Kong:
_bTime Asia,
_cc2016.
300 _av187 n21, pages 22-29:
_billustrations;
_c27 cm.
650 _aMarine resources
_zChina
_939930
942 _2ddc
_cPER